Pictures of Trump Family & Supporters - Statistics

General Stats
  • This quiz has been taken 29 times
    28 since last reset
  • The average score is 32 of 118
Answer Stats
Picture Answer % Correct
Donald Trump
100%
Ivanka Trump
96%
Melania Trump
96%
Mike Pence
87%
Ivana Trump
78%
Barron Trump
74%
Eric Trump
74%
Donald Trump Jr.
70%
Karen Pence
70%
Greg Pence
65%
Jared Kushner
65%
Tiffany Trump
65%
William Barr
65%
Kanye West
57%
Rudy Giuliani
52%
Sarah Huckabee Sanders
52%
Ben Carson
48%
John Bolton
48%
Kellyanne Conway
48%
Mitch McConnell
48%
Stormy Daniels
48%
Ted Cruz
48%
Tucker Carlson
48%
Nikki Haley
43%
Ben Shapiro
39%
Mike Pompeo
39%
Steve Bannon
39%
Charlie Kirk
35%
Chris Christie
35%
Jeff Sessions
35%
Lindsey Graham
35%
Marla Maples
35%
Sean Hannity
35%
Sean Spicer
35%
Candace Owens
30%
Jim Jordan
30%
John Kelly
30%
Lara Trump
30%
Liz Cheney
30%
Paul Ryan
30%
Rick Perry
30%
Roger Stone
30%
Ron DeSantis
30%
Rush Limbaugh
30%
Anthony Scaramucci
26%
Betsy DeVos
26%
Elaine Chao
26%
Matt Gaetz
26%
Omarosa Manigault-Newman
26%
Rick Scott
26%
Ron Johnson
26%
Cindy Hyde-Smith
22%
Greg Abbott
22%
Laura Ingraham
22%
Lou Dobbs
22%
Michael Cohen
22%
Michael Flynn
22%
Alan Dershowitz
17%
Devin Nunes
17%
James Mattis
17%
Jeanine Pirro
17%
Kevin McCarthy
17%
Mark Levin
17%
Paul Manafort
17%
Peter Navarro
17%
Ronna McDaniel
17%
Stephen Miller
17%
Steven Mnuchin
17%
Tom Cotton
17%
Vanessa Trump
17%
Wilbur Ross
17%
Corey Lewandowski
13%
Doug Collins
13%
Duncan Hunter
13%
Greg Gutfeld
13%
Jay Sekulow
13%
Jesse Watters
13%
John Cornyn
13%
Larry Kudlow
13%
Louie Gohmert
13%
Mark Meadows
13%
Mick Mulvaney
13%
Rex Tillerson
13%
Steve King
13%
Alexander Acosta
9%
Alex Azar
9%
Brad Parscale
9%
Brian Kemp
9%
Brian Kilmeade
9%
Cesar Sayoc
9%
Dan Coats
9%
Frederick Trump
9%
George Papadopoulos
9%
Gina Haspel
9%
Karen McDougal
9%
Kevin McAleenan
9%
Kirstjen Nielsen
9%
Pete Hegseth
9%
Reince Priebus
9%
Roy Cohn
9%
Scott Pruitt
9%
Sonny Perdue
9%
Stephanie Grisham
9%
Steve Scalise
9%
Wayne LaPierre
9%
Ainsley Earhardt
4%
Andrew Wheeler
4%
David Bernhardt
4%
David Urban
4%
Keith Schiller
4%
Nick Ayers
4%
Nick Bosa
4%
Rick Gates
4%
Ryan Zinke
4%
Steve Doocy
4%
Stuart Varney
4%
Rob Astorino
0%
Robert Wilkie
0%
No matching quizzes found
Score Distribution
Percent of People with Each Score
Percentile by Number Answered
Your Score History
You have not taken this quiz since the last reset